Impact of Ambedkar movement on dalits / (Record no. 168940)

MARC details
000 -LEADER
fixed length control field 00648nam a2200193 4500
005 - DATE AND TIME OF LATEST TRANSACTION
control field 20191031164902.0
010 ## - LCCN (DPL NO)
LC control number ENG-126770
020 ## - INTERNATIONAL STANDARD BOOK NUMBER
International Standard Book Number 9789386806147
Terms of availability 1495.00
035 ## - SYSTEM CONTROL NUMBER
System control number EN-110302
037 ## - SOURCE OF ACQUISITION
Source of stock number/acquisition DBAD/PUB
082 ## - DEWEY DECIMAL CLASSIFICATION NUMBER
Classification number 305.512
100 ## - MAIN ENTRY--PERSONAL NAME
Personal name Usha Kiran
245 ## - TITLE STATEMENT
Title Impact of Ambedkar movement on dalits /
Statement of responsibility, etc by Usha Kiran
260 ## - PUBLICATION, DISTRIBUTION, ETC. (IMPRINT)
Place of publication, distribution, etc New Delhi
Name of publisher, distributor, etc Ishwar Books
Date of publication, distribution, etc 2018
270 ## - ADDRESS
Address B-29, Arya Nagar CGHS Ltd., Plot No-91, I.P.Extension
City Patparganj, New Delhi
Postal code 110092
Electronic mail address ishwarbooks@gmail.co,
300 ## - PHYSICAL DESCRIPTION
Extent 288p.
Dimensions 24cm(Hb)
500 ## - GENERAL NOTE
General note Includes bibliographical references and index
942 ## - ADDED ENTRY ELEMENTS (KOHA)
Source of classification or shelving scheme Dewey Decimal Classification
Item type English Books
Classification part 305.512
Call number suffix USH
Holdings
Withdrawn status Lost status Not for loan Collection code Home library Current library Date acquired Source of acquisition Cost, normal purchase price Full call number Barcode Copy number Cost, replacement price Koha item type
      Non-fiction Central Library Central Library 31/10/2019 DBAD/PUB 1495.00 305.512 USH EN-110302 1 1495.00 English Books

© Delhi Public Library
Hit Counter
free hit counter